000 00844cam a2200205 4500
001 WB3645-19
008 000000n2000 000 0 eng u
035 _a(Sirsi) u109390
245 _aHouse prices on the up
260 _c2000
490 _aRICS Press Release
_v(pr130) 16 November 2000 (3)
520 _aThe latest RICS housing market survey reveals that house prices in England and Wales are beginning to rise for the first time in five months. In October the difference between reported price rises and falls was 7%, whereas in September, 3% more surveyors were reporting a fall against those reporting an increase.
590 _aWB
650 _aRICS SURVEY
650 _aHOUSING MARKET
650 _aPRICE RISES
650 _aHOUSE PRICES
690 _aPROPERTY-RESIDENTIAL PROPERTY-RESIDENTIAL PROPERTY MARKET
942 _n0
999 _c65301
_d65301